[Event "Asia zt 3.1"]
[Site "Amman"]
[Date "2019.06.25"]
[Round "8"]
[White "Saif, Malek"]
[Black "Fathi, Naser"]
[Result "1-0"]
[WhiteElo "1970"]
[BlackElo "1913"]
[PlyCount "63"]
[EventDate "2019.06.19"]
[EventType "swiss"]
[EventRounds "9"]
[EventCountry "JOR"]
[SourceTitle "CBM 191 Extra"]
[Source "ChessBase"]
[SourceDate "2019.09.30"]
[SourceVersion "1"]
[SourceVersionDate "2019.09.30"]
[SourceQuality "1"]

1. e4 e5 2. Bc4 Nf6 3. d3 Be7 4. Nf3 Nc6 5. c3 d6 6. Bb3 0-0 7. 0-0 Na5 8. Bc2 c5 9. Nbd2 Nc6 10. Re1 Re8 11. Nf1 Bf8 12. Bg5 h6 13. Bh4 b5 14. Qd2 a5 15. Ne3 g5 16. Bg3 Nh5 17. h3 Bg7 18. h4 Be6 19. Bd1 Nxg3 20. fxg3 g4 21. Nh2 h5 22. Rf1 Ne7 23. Bb3 c4 24. dxc4 a4 25. Bc2 bxc4 26. Nd5 Ng6 27. a3 Ra5 28. Rae1 Rf8 29. Kh1 Kh7 30. Qe2 Rxd5 31. exd5 Bxd5 32. Rf5 1-0

[Event "Asia zt 3.1"]
[Site "Amman"]
[Date "2019.06.23"]
[Round "6"]
[White "Ahmad, Al Khatib"]
[Black "Fathi, Naser"]
[Result "0-1"]
[WhiteElo "2232"]
[BlackElo "1913"]
[PlyCount "68"]
[EventDate "2019.06.19"]
[EventType "swiss"]
[EventRounds "9"]
[EventCountry "JOR"]
[SourceTitle "CBM 191 Extra"]
[Source "ChessBase"]
[SourceDate "2019.09.30"]
[SourceVersion "1"]
[SourceVersionDate "2019.09.30"]
[SourceQuality "1"]

1. Nf3 d5 2. c4 e6 3. b3 Nf6 4. g3 c5 5. Bg2 Nc6 6. 0-0 Be7 7. e3 0-0 8. Bb2 d4 9. exd4 cxd4 10. Re1 a5 11. a3 Re8 12. d3 Bf8 13. Ne5 Nxe5 14. Rxe5 Nd7 15. Rb5 Nc5 16. b4 axb4 17. axb4 Rxa1 18. Bxa1 Na6 19. Qb3 Nc7 20. Re5 Na6 21. c5 b6 22. Bc6 Re7 23. Nd2 Qc7 24. Bxd4 Qxc6 25. Ne4 bxc5 26. b5 Rb7 27. Ba1 Rxb5 28. Qc3 Rb1+ 29. Kg2 f5 30. Kh3 fxe4 31. dxe4 Qb5 32. Kh4 Be7+ 33. Kg4 Bf6 34. Qd2 Rxa1 0-1

[Event "Asian-ch Amateur 4th"]
[Site "Amman"]
[Date "2014.01.27"]
[Round "4.2"]
[White "Fathi, Naser"]
[Black "Al Safouri, Khalid"]
[Result "0-1"]
[WhiteElo "1878"]
[BlackElo "1954"]
[PlyCount "80"]
[EventDate "2014.01.25"]
[EventType "swiss"]
[EventRounds "9"]
[EventCountry "JOR"]
[SourceTitle "EXT 2024"]
[Source "ChessBase"]
[SourceDate "2023.10.10"]
[SourceVersion "1"]
[SourceVersionDate "2023.10.10"]
[SourceQuality "1"]

1. e4 e5 2. Nf3 Nc6 3. Nc3 Nf6 4. g3 Bc5 5. Bg2 d6 6. d3 h6 7. Be3 Nd4 8. Bxd4 exd4 9. Ne2 c6 10. a3 a5 11. 0-0 0-0 12. Qd2 Qb6 13. h3 a4 14. Nh4 Ra5 15. Rfb1 Rb5 16. c4 dxc3 17. Nxc3 Ra5 18. Rf1 d5 19. Kh2 Rd8 20. Qc2 Qb3 21. Qd2 dxe4 22. Nxe4 Nxe4 23. Qxa5 Bb6 24. Qe1 Nc5 25. d4 Ne6 26. Qc3 Bxd4 27. Qxb3 axb3 28. Rad1 c5 29. Nf5 Bf6 30. Rxd8+ Nxd8 31. Nd6 Be6 32. Nxb7 Nxb7 33. Bxb7 Bxb2 34. Be4 f5 35. Bb1 Bxa3 36. Re1 Kf7 37. Re5 Kf6 38. Re2 c4 39. Re3 Bc5 40. Rc3 Bd4 0-1

[Event "Asian-ch Amateur 4th"]
[Site "Amman"]
[Date "2014.01.25"]
[Round "2.11"]
[White "Fathi, Naser"]
[Black "Thaer, Abu Alhaija"]
[Result "1-0"]
[WhiteElo "1878"]
[BlackElo "1429"]
[PlyCount "57"]
[EventDate "2014.01.25"]
[EventType "swiss"]
[EventRounds "9"]
[EventCountry "JOR"]
[SourceTitle "EXT 2024"]
[Source "ChessBase"]
[SourceDate "2023.10.10"]
[SourceVersion "1"]
[SourceVersionDate "2023.10.10"]
[SourceQuality "1"]

1. e4 e5 2. Nf3 Nc6 3. Bc4 Bc5 4. b4 Bxb4 5. c3 Bc5 6. 0-0 Nf6 7. d4 exd4 8. cxd4 Bb6 9. e5 Ne4 10. Bd5 f5 11. exf6 Nxf6 12. Bxc6 dxc6 13. Re1+ Kf7 14. Qb3+ Qd5 15. Qb2 Re8 16. Rxe8 Kxe8 17. Nc3 Qd6 18. Bg5 Bf5 19. Qb3 h6 20. Bxf6 Qxf6 21. Qg8+ Qf8 22. Re1+ Kd7 23. Ne5+ Kd6 24. Qc4 Re8 25. g4 Bh7 26. Qb4+ c5 27. Nb5+ Ke6 28. Qc4+ Ke7 29. Ng6+ 1-0